| 000 | 00673nam0a22002291 4500 | ||
|---|---|---|---|
| 001 | rc\484813 | ||
| 005 | 20250621102700.0 | ||
| 035 | _a(NLR Aleph) 005727346 | ||
| 090 |
_a7542514 _c7542514 |
||
| 100 | _a20030616d1988 |||y0rusy50 ca | ||
| 101 | 0 | _arus | |
| 102 | _aRU | ||
| 105 | _ay ||||||||| | ||
| 200 | 1 |
_aХерсонес Таврический в V-I вв. до н. э. _eУчеб. пособие _fЛГУ |
|
| 210 |
_aЛ. _cЛГУ _d1988 |
||
| 215 |
_a84, [1] с. _d20 |
||
| 700 | 1 |
_aПальцева _bЛ.А. _gЛариса Александровна |
|
| 801 | 0 |
_aRU _bNLR _gpsbo |
|
| 801 | 1 |
_aRU _bELAR _2rusmarc |
|
| 852 |
_aNLR _j88-4/27400 |
||
| 942 | _cBOOK | ||
| 980 | _aNB | ||